Actuele justitiethema's in historisch perspectief

Gespeichert in:  
Bibliographische Detailangaben
Medienart: Druck Buch
Sprache:Niederländisch
Veröffentlicht: Den Haag Boom Juridische Uitgevers 2010
In: Justitiële verkenningen (36,2)
Jahr: 2010
Bestand in Tübingen:In Tübingen vorhanden.
UB: ZA 7573-36,1/4.2010
Verfügbarkeit prüfen: HBZ Gateway
Subito Bestelldienst: Jetzt bestellen.

MARC

LEADER 00000cam a2200000 c 4500
001 1394043260
003 DE-627
005 20240503204731.0
007 tu
008 100608s2010 xx ||||| 00| ||dut c
035 |a (DE-627)1394043260 
035 |a (DE-576)324043260 
035 |a (DE-599)BSZ324043260 
035 |a (OCoLC)699598132 
040 |a DE-627  |b ger  |c DE-627  |e rakwb 
041 |a dut 
084 |a 2,1  |2 ssgn 
245 0 0 |a Actuele justitiethema's in historisch perspectief 
264 1 |a Den Haag  |b Boom Juridische Uitgevers  |c 2010 
300 |a 148 S. 
336 |a Text  |b txt  |2 rdacontent 
337 |a ohne Hilfsmittel zu benutzen  |b n  |2 rdamedia 
338 |a Band  |b nc  |2 rdacarrier 
490 1 |a Justitie͏̈le verkenningen  |v 36,2 
583 1 |a Archivierung/Langzeitarchivierung gewährleistet  |f SSG  |x XA-DE-BW  |2 pdager  |5 DE-21 
830 0 |a Justitiële verkenningen  |v 36,2  |9 36,2  |w (DE-627)166456977  |w (DE-576)014811693  |w (DE-600)195143-9  |x 0167-5850  |7 am 
951 |a BO 
ELC |b 1 
LOK |0 000 xxxxxcx a22 zn 4500 
LOK |0 001 2637756373 
LOK |0 003 DE-627 
LOK |0 004 1394043260 
LOK |0 005 20150911125750 
LOK |0 008 100608||||||||||||||||ger||||||| 
LOK |0 040   |a DE-21  |c DE-627  |d DE-21 
LOK |0 852   |a DE-21 
LOK |0 852 1  |c ZA 7573-36,1/4.2010  |9 00 
LOK |0 935   |a krim 
LOK |0 938   |a 1006  |f 34 
LOK |0 938   |l 34  |8 2 
LOK |0 939   |a 08-06-10  |b l01 
ORI |a SA-MARC-krimdoka001.raw 
SIG |a UB: ZA 7573-36,1/4.2010